Smith, Bailey and Gunn on the modern English legal system / (Record no. 3408)
[ view plain ]
| 000 -LEADER | |
|---|---|
| fixed length control field | 01025cam a22002772 4500 |
| 001 - CONTROL NUMBER | |
| control field | 0000009250 |
| 005 - DATE AND TIME OF LATEST TRANSACTION | |
| control field | 20151217145848.0 |
| 008 - FIXED-LENGTH DATA ELEMENTS--GENERAL INFORMATION | |
| fixed length control field | 080916s xx 000 0 eng d |
| 020 ## - INTERNATIONAL STANDARD BOOK NUMBER | |
| International Standard Book Number | 0421909106 : |
| Terms of availability | KES 7100 |
| 040 ## - CATALOGING SOURCE | |
| Original cataloging agency | KABU |
| Transcribing agency | KABU |
| 100 1# - MAIN ENTRY--PERSONAL NAME | |
| Personal name | Bailey, S. H. |
| -- | 0000160396 |
| 245 10 - TITLE STATEMENT | |
| Title | Smith, Bailey and Gunn on the modern English legal system / |
| Statement of responsibility, etc. | S. H. Bailey, J. P. L. Ching, N. W. Taylor. |
| 250 ## - EDITION STATEMENT | |
| Edition statement | 5th ed. |
| 260 ## - PUBLICATION, DISTRIBUTION, ETC. (IMPRINT) | |
| Place of publication, distribution, etc. | London : |
| Name of publisher, distributor, etc. | Sweet & Maxwell, |
| Date of publication, distribution, etc. | 2007. |
| 300 ## - PHYSICAL DESCRIPTION | |
| Extent | clxvii, 1197, 41 p. |
| 650 #0 - SUBJECT ADDED ENTRY--TOPICAL TERM | |
| Topical term or geographic name as entry element | Procedure (Law) |
| Geographic subdivision | Great Britain. |
| -- | 0000160397 |
| 650 #0 - SUBJECT ADDED ENTRY--TOPICAL TERM | |
| Topical term or geographic name as entry element | Law |
| Geographic subdivision | Great Britain. |
| -- | 0000153325 |
| 700 1# - ADDED ENTRY--PERSONAL NAME | |
| Personal name | Ching, J. P. L. |
| -- | 0000160398 |
| 700 1# - ADDED ENTRY--PERSONAL NAME | |
| Personal name | Taylor, N. W. |
| -- | 0000160399 |
| 852 1# - LOCATION | |
| -- | p4827.20 KSH |
| 852 1# - LOCATION | |
| -- | p4652 KSH |
| 908 ## - PUT COMMAND PARAMETER (RLIN) | |
| Put command parameter | 080916 |
| 950 ## - LOCAL HOLDINGS (RLIN) | |
| -- | 1 |
| Withdrawn status | Lost status | Source of classification or shelving scheme | Not for loan | Home library | Current library | Date acquired | Total Checkouts | Full call number | Barcode | Date last seen | Date last checked out | Price effective from | Koha item type | Damaged status |
|---|---|---|---|---|---|---|---|---|---|---|---|---|---|---|
| Library of Congress Classification | Kabarak, Main Campus | Kabarak, Main Campus | 17/12/2015 | 1 | KD7100 .B35 2007 c. 4 | 19774 | 09/12/2016 | 14/10/2016 | 17/12/2015 | General Collection | ||||
| Lost | Library of Congress Classification | Kabarak, Main Campus | Kabarak, Main Campus | 17/12/2015 | 1 | KD7100 .B35 2007 c. 1 | 009281 | 28/06/2016 | 28/06/2016 | 17/12/2015 | General Collection | |||
| Library of Congress Classification | Kabarak, Main Campus | Kabarak, Main Campus | 17/12/2015 | KD7100 .B35 2007 c. 2 | 009282 | 17/12/2015 | 17/12/2015 | General Collection | ||||||
| Library of Congress Classification | Kabarak, Main Campus | Kabarak, Main Campus | 17/12/2015 | KD7100 .B35 2007 c. 3 | 18393 | 17/12/2015 | 17/12/2015 | General Collection |